Использование ЭВМ и САПР в курсовом проектировании деталей механизмов летательных аппаратов: учебное пособие

ग्रंथसूची विवरण
निगमित लेखक: Московский авиационный институт (МАИ)
अन्य लेखक: Самойлов Е. А. (редактор)
भाषा:रूसी
प्रकाशित: Москва, Изд-во МАИ, 1989
विषय:
स्वरूप: MixedMaterials पुस्तक
KOHA link:https://koha.lib.tpu.ru/cgi-bin/koha/opac-detail.pl?biblionumber=254823

MARC

LEADER 00000nam0a2200000 4500
001 254823
005 20231101232953.0
035 |a (RuTPU)RU\TPU\book\277314 
090 |a 254823 
100 |a 20140324d1989 m y0rusy50 ca 
101 0 |a rus 
102 |a RU 
105 |a a z 001zy 
200 1 |a Использование ЭВМ и САПР в курсовом проектировании деталей механизмов летательных аппаратов  |e учебное пособие  |f Московский авиационный институт (МАИ) ; под ред. Е. А. Самойлова 
210 |a Москва  |c Изд-во МАИ  |d 1989 
215 |a 82 с.  |c ил. 
320 |a Библиогр.: с. 79. 
606 1 |a Детали летательных аппаратов  |2 stltpush  |3 (RuTPU)RU\TPU\subj\9141  |9 36420 
610 1 |a ЭВМ 
610 1 |a САПР 
610 1 |a курсовое проектирование 
610 1 |a учебные пособия 
610 1 |a валы 
610 1 |a передачи 
610 1 |a расчет 
610 1 |a чертежи 
675 |a 629.73-2(075.8)  |v 3 
702 1 |a Самойлов  |b Е. А.  |4 340 
712 0 2 |a Московский авиационный институт (МАИ)  |c Национальный исследовательский университет  |2 stltpush  |3 (RuTPU)RU\TPU\col\3642 
801 1 |a RU  |b 63413507  |c 20140324 
801 2 |a RU  |b 63413507  |c 20140418  |g RCR 
942 |c BK